[Event "4NCL Division 2b"]
[Site "Northampton, ENG"]
[Date "2017.01.15"]
[Round "4.76"]
[White "Nicholson, Jim W R"]
[Black "Anilkumar, Anantha P"]
[Result "1-0"]
[WhiteElo "2020"]
[BlackElo "1870"]
[PlyCount "97"]
[EventDate "2017.01.15"]
[WhiteTeam "Bradford DCA Knights A"]
[BlackTeam "KJCA Kings"]

1. d4 Nf6 2. Nf3 g6 3. Bg5 Bg7 4. Nbd2 O-O 5. c3 d6 6. e4 c5 7. dxc5 dxc5 8.
Bc4 Nc6 9. O-O Qc7 10. Re1 Rd8 11. Qe2 Ng4 12. Bh4 Nge5 13. Bg3 Qb6 14. Nxe5
Bxe5 15. Bb3 Bxg3 16. hxg3 Ne5 17. Nc4 Nxc4 18. Bxc4 Be6 19. b3 Bxc4 20. Qxc4
Rd2 21. Re2 Rad8 22. Rae1 Rd1 23. e5 Qc6 24. Rxd1 Rxd1+ 25. Kh2 g5 26. e6 f5
27. Re5 Qe8 28. Qe2 Rc1 29. Rxf5 Qg6 30. Qg4 Qh6+ 31. Qh3 Qg6 32. f4 g4 33. Qh5
Qxh5+ 34. Rxh5 Rxc3 35. Rg5+ Kf8 36. Rxg4 Re3 37. f5 Re5 38. Rf4 Kg7 39. g4 Kf6
40. Kg3 Kg5 41. Kf3 b5 42. Re4 Rd5 43. Re1 h5 44. gxh5 Rxf5+ 45. Ke4 Rf2 46.
Rh1 Kh6 47. g4 Rxa2 48. g5+ Kh7 49. Rf1 1-0

[Event "4NCL Division 2b"]
[Site "Northampton, ENG"]
[Date "2017.01.15"]
[Round "4.77"]
[White "Anbukumar, Hajane"]
[Black "McCarthy, Damian"]
[Result "1/2-1/2"]
[WhiteElo "1921"]
[BlackElo "1885"]
[PlyCount "55"]
[EventDate "2017.01.15"]
[WhiteTeam "KJCA Kings"]
[BlackTeam "Bradford DCA Knights A"]

1. e4 c5 2. Nc3 Nc6 3. g3 g6 4. Bg2 Bg7 5. Nge2 Rb8 6. a4 d6 7. h3 a6 8. O-O b5
9. axb5 axb5 10. Nd5 e6 11. Ne3 Nge7 12. c3 b4 13. d4 bxc3 14. bxc3 cxd4 15.
cxd4 O-O 16. Ra4 d5 17. exd5 Nxd5 18. Nxd5 exd5 19. Bf4 Rb7 20. Nc3 Be6 21. Qd2
Qd7 22. Kh2 Ra7 23. Rxa7 Qxa7 24. Nxd5 Qxd4 25. Qxd4 Nxd4 26. Nc7 Bb3 27. Re1
Ne6 28. Nxe6 1/2-1/2

[Event "4NCL Division 2b"]
[Site "Northampton, ENG"]
[Date "2017.01.15"]
[Round "4.82"]
[White "Eckersley-Waites, Adam"]
[Black "Thomas, Nicholas"]
[Result "0-1"]
[WhiteElo "2273"]
[BlackElo "2233"]
[PlyCount "62"]
[EventDate "2017.01.15"]
[WhiteTeam "Cambridge University 1"]
[BlackTeam "Warwickshire Select 1"]

1. e4 e6 2. d4 d5 3. Nc3 Bb4 4. e5 c5 5. a3 Bxc3+ 6. bxc3 Qc7 7. Qg4 f5 8. Qh5+
g6 9. Qd1 Bd7 10. Be2 Ba4 11. Rb1 Nd7 12. h4 h6 13. Nh3 Ne7 14. Nf4 Nf8 15.
dxc5 Qxc5 16. Rxb7 Qc6 17. Rb1 Kf7 18. Qd4 Nd7 19. c4 Nc5 20. Be3 Rac8 21. O-O
Rhd8 22. cxd5 Nxd5 23. Nxd5 Qxd5 24. Qf4 Bxc2 25. Qxh6 Rh8 26. Qg5 Ne4 27. Qf4
Bxb1 28. Rxb1 Rc7 29. Rd1 Nc3 30. Qg5 Nxe2+ 31. Kh2 Qxe5+ 0-1

[Event "4NCL Division 2b"]
[Site "Northampton, ENG"]
[Date "2017.01.15"]
[Round "4.83"]
[White "Pitcher, John"]
[Black "Bisby, Daniel L"]
[Result "1/2-1/2"]
[WhiteElo "2222"]
[BlackElo "2311"]
[PlyCount "81"]
[EventDate "2017.01.15"]
[WhiteTeam "Warwickshire Select 1"]
[BlackTeam "Cambridge University 1"]

1. e4 c5 2. Nf3 d6 3. Bc4 Nf6 4. d3 Nc6 5. O-O a6 6. a3 e6 7. Ba2 Be7 8. Re1
O-O 9. Nbd2 Bd7 10. Nf1 Qc7 11. h3 Rac8 12. Ng3 Ne5 13. Nh2 d5 14. exd5 Nxd5
15. Nh5 Bd6 16. Ng4 f5 17. Ne3 Bc6 18. Nxd5 Bxd5 19. Bxd5 exd5 20. Nf4 Qf7 21.
c4 dxc4 22. dxc4 Rfd8 23. Qc2 Qxc4 24. Qxf5 Rf8 25. Qe4 Rce8 26. Bd2 Qxe4 27.
Rxe4 Nf3+ 28. gxf3 Rxe4 29. fxe4 Bxf4 30. Bxf4 Rxf4 31. Re1 Rf3 32. Kg2 Rb3 33.
Re2 Kf7 34. Rd2 Ke6 35. f3 c4 36. Kg3 b5 37. Kf4 c3 38. bxc3 Rxc3 39. a4 bxa4
40. Rd5 h6 41. Ra5 1/2-1/2

[Event "4NCL Division 2b"]
[Site "Northampton, ENG"]
[Date "2017.01.15"]
[Round "4.84"]
[White "Bukojemski, Adam"]
[Black "Mason, Donald J"]
[Result "1/2-1/2"]
[WhiteElo "2207"]
[BlackElo "2136"]
[PlyCount "57"]
[EventDate "2017.01.15"]
[WhiteTeam "Cambridge University 1"]
[BlackTeam "Warwickshire Select 1"]

1. e4 e6 2. d4 d5 3. e5 c5 4. c3 Nc6 5. Nf3 Nh6 6. a3 Nf5 7. b4 cxd4 8. cxd4
Qb6 9. Bb2 Bd7 10. Qd2 Be7 11. Be2 O-O 12. h4 f6 13. g4 Nh6 14. exf6 Rxf6 15.
g5 Rxf3 16. Bxf3 Nf5 17. Bg4 Ncxd4 18. Rh3 a5 19. Rd3 e5 20. Nc3 axb4 21. Nxd5
Qc6 22. Bf3 Nxf3+ 23. Rxf3 Re8 24. axb4 Nd4 25. Nxe7+ Rxe7 26. Ra8+ Be8 27. Rh3
Nf3+ 28. Rxf3 Qxf3 29. Qd5+ 1/2-1/2

[Event "4NCL Division 2b"]
[Site "Northampton, ENG"]
[Date "2017.01.15"]
[Round "4.85"]
[White "Brooks, Phil J"]
[Black "Lee, Richard W Y"]
[Result "1/2-1/2"]
[WhiteElo "2169"]
[BlackElo "2149"]
[PlyCount "97"]
[EventDate "2017.01.15"]
[WhiteTeam "Warwickshire Select 1"]
[BlackTeam "Cambridge University 1"]

1. d4 d5 2. c4 e6 3. Nc3 Nf6 4. Bg5 Be7 5. e3 h6 6. Bxf6 Bxf6 7. cxd5 exd5 8.
Nf3 O-O 9. Be2 Nc6 10. O-O Ne7 11. Rc1 Bf5 12. Qb3 Rb8 13. Rfd1 c6 14. Qa3 Nc8
15. Na4 Be7 16. Qc3 Nd6 17. b4 Re8 18. Qb3 b5 19. Nc5 Nc4 20. Qc3 a5 21. a3 Qb6
22. Nd2 Ra8 23. Ndb3 axb4 24. axb4 Ra3 25. g4 Bh7 26. Ra1 Rea8 27. Rxa3 Rxa3
28. Ra1 Qa7 29. Rxa3 Qxa3 30. Qa1 Qxa1+ 31. Nxa1 Kf8 32. Kf1 Nd2+ 33. Ke1 Ne4
34. Nab3 Ke8 35. Nxe4 Bxe4 36. Nc5 Bb1 37. Kd2 Bd6 38. h3 Ke7 39. Kc3 Bg6 40.
f4 Bb1 41. h4 f5 42. g5 hxg5 43. hxg5 g6 44. Nb3 Be4 45. Nd2 Bg2 46. Bf3 Bh3
47. Bh1 Bg4 48. Nf3 Bxf3 49. Bxf3 1/2-1/2

[Event "4NCL Division 2b"]
[Site "Northampton, ENG"]
[Date "2017.01.15"]
[Round "4.86"]
[White "Ross, Chris N"]
[Black "Shephard, Chris C W"]
[Result "1/2-1/2"]
[WhiteElo "2162"]
[BlackElo "2177"]
[PlyCount "77"]
[EventDate "2017.01.15"]
[WhiteTeam "Cambridge University 1"]
[BlackTeam "Warwickshire Select 1"]

1. e4 d6 2. d4 Nf6 3. Nc3 e5 4. Nf3 Nbd7 5. g3 g6 6. Bg2 Bg7 7. O-O O-O 8. a4
Re8 9. Re1 c6 10. h3 Qc7 11. b3 a6 12. Ba3 b6 13. Qd2 c5 14. d5 Rb8 15. Bf1 Nh5
16. Qd1 Ndf6 17. Kh2 Qd7 18. Bb2 Qe7 19. Ng1 Nd7 20. Bd3 Rf8 21. Qe2 Ra8 22.
Nd1 Qe8 23. Ne3 Qe7 24. Rf1 Nhf6 25. f3 Kh8 26. Rf2 Re8 27. Re1 Ra7 28. Qf1 Nh5
29. Ne2 Rg8 30. Bc1 Qf8 31. Nc3 Nb8 32. Nc4 Rb7 33. Bd2 Nd7 34. Ne3 Ra7 35. Qe2
Nb8 36. Nc4 Nd7 37. Ne3 Nb8 38. Nc4 Nd7 39. Ne3 1/2-1/2

[Event "4NCL Division 2b"]
[Site "Northampton, ENG"]
[Date "2017.01.15"]
[Round "4.87"]
[White "Baruch, Andrew J D"]
[Black "Spencer, Carl J"]
[Result "1/2-1/2"]
[WhiteElo "2097"]
[BlackElo "2126"]
[PlyCount "35"]
[EventDate "2017.01.15"]
[WhiteTeam "Warwickshire Select 1"]
[BlackTeam "Cambridge University 1"]

1. g3 d5 2. c4 d4 3. Bg2 e5 4. e4 c5 5. d3 Nc6 6. Nd2 h5 7. h4 Nf6 8. Nf1 Bd6
9. Bg5 Bc7 10. Nh2 Ba5+ 11. Kf1 Qd6 12. Bxf6 Qxf6 13. Qf3 Qh6 14. Bh3 O-O 15.
Bxc8 Raxc8 16. Nh3 Rce8 17. Kg2 Bd8 18. Qe2 1/2-1/2

[Event "4NCL Division 2b"]
[Site "Northampton, ENG"]
[Date "2017.01.15"]
[Round "4.88"]
[White "Chevannes, Sabrina L"]
[Black "Donegan, Kate M"]
[Result "1-0"]
[WhiteElo "2015"]
[BlackElo "1607"]
[PlyCount "79"]
[EventDate "2017.01.15"]
[WhiteTeam "Cambridge University 1"]
[BlackTeam "Warwickshire Select 1"]

1. d4 Nf6 2. Nf3 g6 3. Nbd2 Bg7 4. e4 d6 5. Bd3 Bg4 6. h3 Bxf3 7. Nxf3 O-O 8.
Qe2 Nfd7 9. O-O e5 10. dxe5 dxe5 11. Bc4 Nb6 12. Bb3 c6 13. Be3 N8d7 14. a4 a5
15. Rfd1 Qc7 16. c3 c5 17. Nd2 Kh8 18. f3 Qc6 19. Nc4 Nxc4 20. Bxc4 Nb6 21. Bb5
Qc7 22. Qf2 Rfc8 23. Rd2 Bf8 24. Rad1 f6 25. Qh4 Qf7 26. Qf2 Be7 27. f4 Qf8 28.
fxe5 fxe5 29. Qg3 Qg7 30. Rd6 Bxd6 31. Rxd6 Rc6 32. Bxc6 bxc6 33. Rxc6 Nxa4 34.
Bxc5 Nxb2 35. Bd6 Kg8 36. Bxe5 Qb7 37. Rc7 Qxe4 38. Rg7+ Kf8 39. Qf2+ Qf5 40.
Qc5+ 1-0

[Event "4NCL Division 2b"]
[Site "Northampton, ENG"]
[Date "2017.01.15"]
[Round "4.81"]
[White "Ortega, Irvin"]
[Black "Hill, Alistair"]
[Result "1/2-1/2"]
[WhiteElo "2327"]
[BlackElo "2231"]
[PlyCount "76"]
[EventDate "2017.01.15"]
[WhiteTeam "Warwickshire Select 1"]
[BlackTeam "Cambridge University 1"]

1. d4 Nf6 2. c4 g6 3. Nc3 d5 4. cxd5 Nxd5 5. e4 Nxc3 6. bxc3 Bg7 7. Bc4 c5 8.
Ne2 O-O 9. O-O Nc6 10. Be3 b6 11. Qd2 Bb7 12. Rac1 Qc7 13. Rfd1 Rfd8 14. Qe1 e6
15. f3 Rac8 16. Qh4 Na5 17. Bd3 Bc6 18. Bg5 Rd7 19. Bf6 Ba4 20. Re1 Bxf6 21.
Qxf6 Qd8 22. Qf4 b5 23. Bb1 Nc6 24. dxc5 Qe7 25. h4 Qxc5+ 26. Kh1 Rcd8 27. Ng3
Rd2 28. e5 Rd1 29. Rcxd1 Rxd1 30. Rxd1 Bxd1 31. Qd2 Qxe5 32. Ne4 Ba4 33. f4 Qc7
34. Nf6+ Kh8 35. Be4 Qd8 36. Nd7 Qxh4+ 37. Kg1 Na5 38. Qd4+ f6 1/2-1/2

[Event "4NCL Division 2b"]
[Site "Northampton, ENG"]
[Date "2017.01.15"]
[Round "4.62"]
[White "Burnett, Jim"]
[Black "Shaw, John"]
[Result "1/2-1/2"]
[WhiteElo "2110"]
[BlackElo "2437"]
[PlyCount "67"]
[EventDate "2017.01.15"]
[WhiteTeam "White Rose 2"]
[BlackTeam "Alba"]

1. d4 d6 2. g3 e5 3. Nf3 e4 4. Ng5 f5 5. c4 Be7 6. Nh3 Nf6 7. Nc3 c6 8. e3 Na6
9. Bg2 d5 10. cxd5 cxd5 11. Qa4+ Bd7 12. Qb3 Bc6 13. O-O O-O 14. Bd2 Qb6 15.
Qxb6 axb6 16. a3 Nc7 17. Rfc1 Rfc8 18. Bf1 Nfe8 19. Nf4 g5 20. Ng2 Nd6 21. b3
b5 22. Ne1 Kf7 23. Nc2 Ke6 24. Ra2 Na6 25. Nb1 Bd7 26. Ne1 Rxc1 27. Bxc1 Nb4
28. Rb2 Nc6 29. Bd2 h6 30. Be2 Bf6 31. Nc2 Rc8 32. Nc3 Ne7 33. Nb4 Ra8 34. Nb1
1/2-1/2

[Event "4NCL Division 2b"]
[Site "Northampton, ENG"]
[Date "2017.02.11"]
[Round "5.51"]
[White "Carleton, John J"]
[Black "Bisby, Daniel L"]
[Result "1-0"]
[WhiteElo "2290"]
[BlackElo "2303"]
[PlyCount "61"]
[EventDate "2017.02.11"]
[WhiteTeam "Spirit of Atticus A"]
[BlackTeam "Cambridge University 1"]

1. d4 Nf6 2. c4 g6 3. Nc3 Bg7 4. e4 d6 5. Be2 O-O 6. f4 c5 7. Nf3 cxd4 8. Nxd4
Na6 9. O-O Nc5 10. Bf3 a6 11. Be3 e5 12. Nb3 Ne6 13. fxe5 dxe5 14. Qxd8 Rxd8
15. Rad1 Bd7 16. Nd5 Ba4 17. Rd2 Bxb3 18. axb3 Nd7 19. b4 Nd4 20. Bg4 f5 21.
exf5 gxf5 22. Bxf5 Nxf5 23. Rxf5 Nf8 24. Rdf2 Rd7 25. Bd2 Rad8 26. Bc3 Ng6 27.
g3 Rc8 28. Rd2 Kh8 29. h4 Rxc4 30. h5 Nf8 31. h6 1-0

[Event "4NCL Division 2b"]
[Site "Northampton, ENG"]
[Date "2017.02.11"]
[Round "5.52"]
[White "Hill, Alistair"]
[Black "Mitchell, Martin"]
[Result "1/2-1/2"]
[WhiteElo "2200"]
[BlackElo "2207"]
[PlyCount "107"]
[EventDate "2017.02.11"]
[WhiteTeam "Cambridge University 1"]
[BlackTeam "Spirit of Atticus A"]

1. e4 d6 2. d4 Nf6 3. Nc3 g6 4. Nf3 Bg7 5. Be2 O-O 6. O-O Nc6 7. d5 Nb8 8. h3
e5 9. dxe6 Bxe6 10. Re1 Nc6 11. Bf4 Re8 12. Bb5 Bd7 13. Bf1 Ne5 14. Nxe5 dxe5
15. Bg5 h6 16. Bh4 Bc6 17. Qf3 Re6 18. Rad1 Qf8 19. Bc4 Rd6 20. Rxd6 Qxd6 21.
Bxf6 Qxf6 22. Qxf6 Bxf6 23. Bd5 Bxd5 24. Nxd5 Bg5 25. Rd1 Rd8 26. Kf1 c6 27.
Nc3 Rxd1+ 28. Nxd1 Kf8 29. Ke2 Bc1 30. Kd3 Ke7 31. b3 Kd6 32. Nc3 Kc5 33. Ne2
Bg5 34. c3 Bh4 35. g3 Be7 36. Ng1 Kd6 37. f4 exf4 38. gxf4 Ke6 39. Nf3 Bc5 40.
b4 Bf2 41. Ke2 Bg3 42. Ke3 f5 43. Nd4+ Kf6 44. exf5 gxf5 45. b5 cxb5 46. Nxb5
Be1 47. c4 Bb4 48. Kf3 Bc5 49. Nc3 Ke6 50. Ne2 Bb6 51. Nc1 Kd6 52. Nb3 Bg1 53.
Kg2 Bc5 54. Kg3 1/2-1/2

[Event "4NCL Division 2b"]
[Site "Northampton, ENG"]
[Date "2017.02.11"]
[Round "5.53"]
[White "House, Glenn L"]
[Black "Lee, Richard W Y"]
[Result "1-0"]
[WhiteElo "2201"]
[BlackElo "2153"]
[PlyCount "165"]
[EventDate "2017.02.11"]
[WhiteTeam "Spirit of Atticus A"]
[BlackTeam "Cambridge University 1"]

1. Nf3 d5 2. d3 e6 3. g3 c5 4. Bg2 Nc6 5. O-O g6 6. Nbd2 Bg7 7. e4 Nge7 8. Re1
b6 9. c3 Qc7 10. Qe2 Ba6 11. h4 h6 12. exd5 exd5 13. Nf1 O-O 14. Bf4 Qd7 15.
Qd2 Kh7 16. N1h2 Rad8 17. Rad1 Rfe8 18. a3 b5 19. d4 c4 20. Be5 f6 21. Bf4 h5
22. Re2 Bc8 23. Rde1 Qb7 24. Nf1 Bf5 25. Kh2 Qd7 26. Ng1 Bf8 27. Ne3 Be4 28.
Bh3 Qb7 29. Nf1 Qa8 30. f3 Bf5 31. g4 hxg4 32. fxg4 Bd3 33. Re6 Ng8 34. Ng3 Qc8
35. g5 f5 36. Rxe8 Rxe8 37. h5 gxh5 38. Nf3 Kg7 39. Nh4 Rxe1 40. Ngxf5+ Kh8 41.
Qxe1 Bxf5 42. Bxf5 Qd8 43. Ng6+ Kg7 44. Be5+ Kf7 45. Nh8+ Ke8 46. Bg6+ Kd7 47.
Nf7 Nxe5 48. Qxe5 Qc7 49. Qxc7+ Kxc7 50. Bxh5 a5 51. Bf3 Ne7 52. Kg3 b4 53. a4
Bg7 54. Kf4 Ng6+ 55. Ke3 Ne7 56. Bg4 b3 57. Be6 Kc6 58. Bg4 Kc7 59. Nh6 Kd6 60.
Bh3 Bf8 61. Nf7+ Kc7 62. Be6 Kc6 63. Ne5+ Kd6 64. Bg4 Bg7 65. Kf4 Nc6 66. Nxc6
Kxc6 67. Bf5 Kd6 68. Bh7 Ke6 69. Bg8+ Kd6 70. Kg4 Bh8 71. Kh5 Bg7 72. Bf7 Kc6
73. Be6 Kd6 74. Bf7 Kc6 75. Kg4 Kd6 76. Bg8 Bh8 77. Bh7 Ke6 78. Kh5 Kf7 79.
Bg6+ Ke7 80. Kh6 Kf8 81. Kh7 Bg7 82. Bf5 Kf7 83. Be6+ 1-0

[Event "4NCL Division 2b"]
[Site "Northampton, ENG"]
[Date "2017.02.11"]
[Round "5.54"]
[White "Spencer, Carl J"]
[Black "Ivell, Nicholas W"]
[Result "1/2-1/2"]
[WhiteElo "2120"]
[BlackElo "2186"]
[PlyCount "110"]
[EventDate "2017.02.11"]
[WhiteTeam "Cambridge University 1"]
[BlackTeam "Spirit of Atticus A"]

1. d4 d5 2. c4 e6 3. Nf3 c5 4. cxd5 exd5 5. g3 Nc6 6. Bg2 Nf6 7. Nc3 Be7 8. O-O
O-O 9. Bg5 c4 10. Ne5 Be6 11. f4 h6 12. Bxf6 Bxf6 13. e3 Ne7 14. Qe2 a6 15. a4
Qd6 16. Rfd1 Rfd8 17. Ng4 Bxg4 18. Qxg4 b6 19. Kh1 Rab8 20. Qf3 b5 21. axb5
axb5 22. Nxd5 Nxd5 23. e4 Qb4 24. exd5 Qxb2 25. Rab1 Qc2 26. Rbc1 Qf5 27. g4
Qd7 28. Rc2 Qc7 29. g5 hxg5 30. fxg5 Bxg5 31. Qh5 Bh6 32. Rf1 Rd6 33. Rcf2 Rf8
34. Be4 Qd7 35. Rg2 b4 36. Bf5 Qe7 37. Rfg1 Qf6 38. Rxg7+ Qxg7 39. Rxg7+ Kxg7
40. Qe2 Rf6 41. Bb1 Rd8 42. Qxc4 Rb8 43. Qd3 Rbb6 44. Qg3+ Kf8 45. Qc7 Bg7 46.
Qc8+ Ke7 47. Qc5+ Rfd6 48. Qc7+ Kf6 49. Qc2 Bh6 50. Qf5+ Ke7 51. Qe5+ Kd8 52.
Bf5 b3 53. Qh8+ Ke7 54. Qe5+ Kf8 55. Qh8+ Ke7 1/2-1/2

[Event "4NCL Division 2b"]
[Site "Northampton, ENG"]
[Date "2017.02.11"]
[Round "5.55"]
[White "Jackson, Sheila"]
[Black "Robertson, J Stuart"]
[Result "0-1"]
[WhiteElo "2136"]
[BlackElo "2107"]
[PlyCount "94"]
[EventDate "2017.02.11"]
[WhiteTeam "Spirit of Atticus A"]
[BlackTeam "Cambridge University 1"]

1. e4 c5 2. d4 cxd4 3. c3 Nf6 4. e5 Nd5 5. Nf3 e6 6. cxd4 d6 7. Bc4 Nc6 8. O-O
Be7 9. Qe2 O-O 10. Qe4 Bd7 11. exd6 Bxd6 12. Nc3 Nxc3 13. bxc3 Ne7 14. Bd3 Ng6
15. Qxb7 Rc8 16. Bg5 f6 17. Bd2 Bc6 18. Qb3 Bd5 19. c4 Bxf3 20. Bxg6 hxg6 21.
Qxf3 Rxc4 22. Qe4 Kf7 23. Rfe1 Re8 24. Be3 Qa5 25. g3 Re7 26. Qd3 Qd5 27. Red1
Rd7 28. Qf1 Ba3 29. Rd3 Bb2 30. Rad1 Ra4 31. R3d2 Rxa2 32. Qe2 Rb7 33. f3 Ra1
34. Rxa1 Bxa1 35. Kg2 Bc3 36. Rc2 Bxd4 37. Rd2 e5 38. Bxd4 exd4 39. Qe4 Qxe4
40. fxe4 Rd7 41. Kf3 Ke6 42. Ke2 d3+ 43. Ke3 Ke5 44. h4 a5 45. g4 a4 46. g5 a3
47. gxf6 gxf6 0-1

[Event "4NCL Division 2b"]
[Site "Northampton, ENG"]
[Date "2017.02.11"]
[Round "5.56"]
[White "Stanisz, Patryk"]
[Black "Latham, David"]
[Result "1-0"]
[WhiteElo "2073"]
[BlackElo "2103"]
[PlyCount "73"]
[EventDate "2017.02.11"]
[WhiteTeam "Cambridge University 1"]
[BlackTeam "Spirit of Atticus A"]

1. d4 d5 2. c4 e6 3. Nc3 Nf6 4. Nf3 Be7 5. Bf4 O-O 6. e3 c6 7. Qc2 Nbd7 8. h3
Re8 9. Bd3 dxc4 10. Bxc4 Nd5 11. Bg3 Nxc3 12. bxc3 Nf8 13. O-O Bd6 14. Bxd6
Qxd6 15. e4 Qe7 16. e5 Kh8 17. Bd3 b6 18. Nd2 f5 19. Nc4 Ba6 20. Nd6 Bxd3 21.
Qxd3 Red8 22. f4 Kg8 23. Qc4 Qd7 24. Nxf5 Ng6 25. Nd6 Ne7 26. f5 Nd5 27. fxe6
Qxe6 28. Rf3 c5 29. Nf7 Rd7 30. Nd6 cxd4 31. cxd4 Rc7 32. Qb3 h6 33. Raf1 Re7
34. Rf7 Rxf7 35. Rxf7 Rd8 36. Rxa7 Kh8 37. Nf7+ 1-0

[Event "4NCL Division 2b"]
[Site "Northampton, ENG"]
[Date "2017.02.11"]
[Round "5.57"]
[White "Bimpson, Tom"]
[Black "Starley, Robert"]
[Result "0-1"]
[WhiteElo "2099"]
[BlackElo "2045"]
[PlyCount "86"]
[EventDate "2017.02.11"]
[WhiteTeam "Spirit of Atticus A"]
[BlackTeam "Cambridge University 1"]

1. d4 Nf6 2. Bf4 d5 3. e3 Bf5 4. c4 e6 5. Qb3 Qc8 6. Nc3 c6 7. Rc1 Nbd7 8. Nf3
h6 9. Be2 Be7 10. O-O O-O 11. h3 Re8 12. Ne5 Ne4 13. Nxe4 Bxe4 14. f3 Bf5 15.
Bd3 Nxe5 16. Bxe5 Bxd3 17. Qxd3 Qd7 18. c5 Rad8 19. b4 f6 20. Bg3 e5 21. a4
exd4 22. exd4 f5 23. Be5 Bg5 24. f4 Bh4 25. b5 Qe6 26. g3 Qg6 27. Kh2 Be7 28.
g4 Rf8 29. Rg1 Qf7 30. gxf5 Bf6 31. Rcf1 Qh5 32. bxc6 bxc6 33. Rg6 Rd7 34. Rf2
Kh8 35. Rfg2 Bxe5 36. fxe5 Rxf5 37. Rxc6 Rd8 38. Qg3 Rg5 39. Qf2 Rxg2+ 40. Kxg2
Qg5+ 41. Kh2 Rb8 42. Rc7 Qc1 43. Rxg7 Rb2 0-1

[Event "4NCL Division 2b"]
[Site "Northampton, ENG"]
[Date "2017.02.11"]
[Round "5.58"]
[White "Chevannes, Sabrina L"]
[Black "Ackley, Peter J E"]
[Result "0-1"]
[WhiteElo "2024"]
[BlackElo "1993"]
[PlyCount "48"]
[EventDate "2017.02.11"]
[WhiteTeam "Cambridge University 1"]
[BlackTeam "Spirit of Atticus A"]

1. d4 g6 2. e4 Bg7 3. Nc3 d6 4. Be3 a6 5. a4 Nf6 6. f3 Nc6 7. Qd2 O-O 8. h4 e5
9. d5 Nd4 10. Bxd4 exd4 11. Nce2 Re8 12. O-O-O Qd7 13. b3 c5 14. dxc6 bxc6 15.
Nxd4 d5 16. e5 Rxe5 17. Qc3 Bb7 18. g4 Qd6 19. b4 Nd7 20. Qd2 a5 21. Nb3 axb4
22. a5 c5 23. f4 Re4 24. Bg2 Qf6 0-1

[Event "4NCL Division 2b"]
[Site "Northampton, ENG"]
[Date "2017.02.11"]
[Round "5.61"]
[White "Gantner, Matthias"]
[Black "Ward, Chris G"]
[Result "1-0"]
[WhiteElo "2296"]
[BlackElo "2445"]
[PlyCount "63"]
[EventDate "2017.02.11"]
[WhiteTeam "White Rose 2"]
[BlackTeam "KJCA Kings"]

1. e4 c5 2. Nf3 g6 3. d4 cxd4 4. Nxd4 Nc6 5. Nc3 Bg7 6. Be3 Nf6 7. Bc4 O-O 8.
Bb3 Re8 9. O-O d6 10. h3 Na5 11. Qd2 b6 12. Bh6 Bh8 13. Rfe1 Bb7 14. Qd3 Nxb3
15. axb3 d5 16. e5 Ne4 17. f4 e6 18. Nxe4 dxe4 19. Qe3 a6 20. Rad1 Qc7 21. Bg5
Bg7 22. Rd2 h6 23. Bh4 g5 24. fxg5 hxg5 25. Bg3 Qc5 26. Qxg5 Rad8 27. c3 f6 28.
Qg6 f5 29. Bh4 Qxe5 30. Bxd8 Rxd8 31. Nxf5 Rxd2 32. Nh6+ 1-0

[Event "4NCL Division 2b"]
[Site "Northampton, ENG"]
[Date "2017.02.11"]
[Round "5.62"]
[White "Harakis, Alexis M"]
[Black "Townsend, M Paul"]
[Result "1-0"]
[WhiteElo "2238"]
[BlackElo "2186"]
[PlyCount "75"]
[EventDate "2017.02.11"]
[WhiteTeam "KJCA Kings"]
[BlackTeam "White Rose 2"]

1. d4 Nf6 2. c4 e6 3. Nc3 Bb4 4. e3 O-O 5. Bd3 c5 6. Nge2 d5 7. cxd5 cxd4 8.
exd4 Nxd5 9. Bc2 b6 10. Qd3 f5 11. O-O Ba6 12. Qf3 Nc6 13. Bb3 Bxc3 14. bxc3
Na5 15. Re1 Bc4 16. Bc2 Rc8 17. Bd2 Re8 18. Ng3 Qh4 19. h3 Ba6 20. Nxf5 Qd8 21.
Ng3 Nc4 22. Bc1 Nd6 23. Ne4 Nxe4 24. Qxe4 g6 25. Qg4 Qf6 26. Ba4 b5 27. Bb3 Bb7
28. Bd2 Kh8 29. a4 Rf8 30. f3 Nf4 31. axb5 g5 32. Re5 Rg8 33. Bxe6 h5 34. Qf5
Qxf5 35. Bxf5 Rc7 36. Rxa7 Nxg2 37. Be4 Nh4 38. Rxb7 1-0

[Event "4NCL Division 2b"]
[Site "Northampton, ENG"]
[Date "2017.02.11"]
[Round "5.63"]
[White "Gayson, Peter M"]
[Black "Verma, Aditya"]
[Result "1/2-1/2"]
[WhiteElo "2148"]
[BlackElo "2055"]
[PlyCount "69"]
[EventDate "2017.02.11"]
[WhiteTeam "White Rose 2"]
[BlackTeam "KJCA Kings"]

1. e4 c5 2. Nf3 d6 3. d4 cxd4 4. Nxd4 Nf6 5. Nc3 g6 6. f4 Nc6 7. Be2 Bg7 8. Be3
Bd7 9. O-O O-O 10. Bf3 a6 11. Kh1 Rc8 12. Qd3 Na5 13. Rae1 Nc4 14. Bc1 e5 15.
Nde2 Qc7 16. b3 Nb6 17. Ba3 Ne8 18. f5 Bc6 19. fxg6 hxg6 20. Bg4 Rd8 21. Rd1
Nc8 22. Nd5 Bxd5 23. exd5 f5 24. Bh3 Ne7 25. c4 b6 26. Bc1 Nf6 27. Bg5 Ne4 28.
Qe3 Nxg5 29. Qxg5 Rf7 30. Ng1 Qc5 31. Qg3 e4 32. Ne2 Be5 33. Qg5 Rdf8 34. Nf4
Bxf4 35. Qxf4 1/2-1/2

[Event "4NCL Division 2b"]
[Site "Northampton, ENG"]
[Date "2017.02.11"]
[Round "5.64"]
[White "Hand, Freddie"]
[Black "Arnott, Jonathan W"]
[Result "0-1"]
[WhiteElo "2119"]
[BlackElo "2127"]
[PlyCount "80"]
[EventDate "2017.02.11"]
[WhiteTeam "KJCA Kings"]
[BlackTeam "White Rose 2"]

1. d4 d5 2. c4 c6 3. Nf3 Nf6 4. Nc3 dxc4 5. a4 a5 6. e4 Bg4 7. Bxc4 e6 8. Bg5
Bxf3 9. gxf3 Be7 10. O-O Nxe4 11. Bxe7 Nxc3 12. Bxd8 Nxd1 13. Bg5 Nxb2 14. Be2
Nxa4 15. Rxa4 b5 16. Raa1 Kd7 17. Rfc1 a4 18. Bd2 Na6 19. f4 Nc7 20. Bf3 Nd5
21. Bxd5 exd5 22. f3 Rhe8 23. Kf2 Re6 24. Rg1 Rae8 25. Rae1 Rxe1 26. Rxe1 Rxe1
27. Bxe1 a3 28. Ke3 a2 29. Bc3 Ke6 30. h4 f6 31. h5 Kf5 32. Bb2 h6 33. Ba1 g6
34. hxg6 Kxg6 35. Kf2 Kf5 36. Kg3 b4 37. Bb2 h5 38. Kf2 h4 39. Kg2 h3+ 40. Kxh3
Kxf4 0-1

[Event "4NCL Division 2b"]
[Site "Northampton, ENG"]
[Date "2017.02.11"]
[Round "5.65"]
[White "Sucikova, Svetlana"]
[Black "Jamroz, Krzysztof"]
[Result "0-1"]
[WhiteElo "2086"]
[BlackElo "1994"]
[PlyCount "140"]
[EventDate "2017.02.11"]
[WhiteTeam "White Rose 2"]
[BlackTeam "KJCA Kings"]

1. c4 b6 2. Nf3 Bb7 3. e3 e6 4. Nc3 Nf6 5. d4 d5 6. Bd3 Bd6 7. O-O a6 8. a3
Nbd7 9. b4 dxc4 10. Bxc4 Ne4 11. Bb2 Nxc3 12. Bxc3 O-O 13. Qe2 Nf6 14. Nd2 Ne4
15. Nxe4 Bxe4 16. f3 Bb7 17. e4 c5 18. Rfd1 cxb4 19. axb4 b5 20. Ba2 Bxh2+ 21.
Kf1 Rc8 22. Be1 Qg5 23. Qf2 Bd6 24. d5 Be5 25. Rab1 exd5 26. Bxd5 Bxd5 27. Rxd5
Qf6 28. Rbd1 Rc4 29. Rd7 h6 30. Qe2 Rfc8 31. Qd3 Bc3 32. Rd6 Qe7 33. Bxc3 Rxc3
34. Qd5 Rf8 35. Ra1 Qh4 36. Rd1 Rc2 37. Rd2 Rc1+ 38. Rd1 Rc2 39. Rd2 Rc1+ 40.
Rd1 Qf4 41. Rc6 Rxd1+ 42. Qxd1 Qh2 43. Qd7 Qh1+ 44. Kf2 Qa1 45. Qd2 Ra8 46. Rc7
Qf6 47. Qd7 Rf8 48. Kg3 Qa1 49. Kh2 Qb2 50. Qe7 Qd2 51. Kh3 Qd8 52. Qc5 Qg5 53.
Qc6 Qh5+ 54. Kg3 Qe5+ 55. Kh3 Kh7 56. Rd7 Re8 57. Rd5 Qe6+ 58. Qxe6 Rxe6 59.
Rd7 Kg6 60. Kg4 Rc6 61. Kf4 Kf6 62. g3 g5+ 63. Ke3 h5 64. Rd5 Rc3+ 65. Ke2 Rc4
66. Rd6+ Kg7 67. Rxa6 Rxb4 68. Rb6 Rb2+ 69. Ke3 h4 70. gxh4 gxh4 0-1

[Event "4NCL Division 2b"]
[Site "Northampton, ENG"]
[Date "2017.02.11"]
[Round "5.66"]
[White "Selway, Richard P"]
[Black "O'driscoll, Kieran"]
[Result "0-1"]
[WhiteElo "2057"]
[BlackElo "2098"]
[PlyCount "96"]
[EventDate "2017.02.11"]
[WhiteTeam "KJCA Kings"]
[BlackTeam "White Rose 2"]

1. e4 d5 2. exd5 Nf6 3. d4 Bg4 4. Nf3 Qxd5 5. Be2 Nc6 6. c4 Qf5 7. Be3 e6 8. h3
Bb4+ 9. Nc3 Bxf3 10. Bxf3 O-O 11. O-O Rad8 12. Qa4 Qa5 13. Qxa5 Nxa5 14. Be2
Bxc3 15. bxc3 Ne4 16. Bd3 Nd6 17. c5 Ndc4 18. Rab1 Nxe3 19. fxe3 b6 20. cxb6
axb6 21. Kf2 Nb7 22. a4 Nd6 23. e4 e5 24. Ke3 Rfe8 25. Rf2 f5 26. d5 f4+ 27.
Kf3 Ra8 28. Ra2 Ra5 29. Bb5 Nxb5 30. Rxb5 Rea8 31. Rxa5 Rxa5 32. c4 Kf7 33. Ke2
Ke7 34. Kd3 Kd6 35. Kc3 Kc5 36. Ra1 g5 37. Ra2 h5 38. Ra1 g4 39. hxg4 hxg4 40.
Ra2 Ra8 41. Ra1 f3 42. gxf3 gxf3 43. Kd3 Rf8 44. a5 f2 45. axb6 f1=Q+ 46. Rxf1
Rxf1 47. bxc7 Rf8 48. Kc3 Rc8 0-1